000 00543nam a2200205Ia 4500
005 20260429112217.0
008 260429s9999||||xx |||||||||||||| ||und||
020 _a9789349370432
041 _aEnglish
082 _a511.1
_bSIN
100 _aSingh, J.P.
245 0 _aDiscrete mathematics for undergraduates /
_cJ.P. Singh
250 _a2nd ed.
260 _aNew Delhi :
_bAne Books,
_c2025.
300 _axxii, 426 p.; hb
650 _a Discrete mathematics
650 _a Finite mathematics
650 _aMathematics
942 _cTB
999 _c52914
_d52914